00000000nam##2200000za#4500
0019.593651
003CaOODSP
00520220901164701
007cr |||||||||||
008150406|2000||||xxc|||||o    f|0| 0 fre|d
040 |aCaOODSP|bfre
043 |an-cn---
0861 |aJ3-4/02-6F-PDF
1101 |aCanada.|bJustice Canada.
24513|aLa mondialisation s'impose ou la mondialisation bat en retraite : |h[ressource électronique]|bles conséquences pour le Canada / |c[par] David Cameron, Janice Gross Stein; Division de la recherche et de la statistique.
260 |aOttawa - Ontario : |bJustice Canada |c2000.
300 |a16p.
4901 |aSérie sur les questions stratégiques|vrp02-6F
590 |a06-13-Supp|b2006-12-15
69107|aMondialisation|2gcpds
7201 |aGross Stein, Janice
7201 |aCameron, David
77508|tGlobalization triumphant or globalization in retreat : |w(CaOODSP)9.561036
830#0|aSérie sur les questions stratégiques ;|vrp02-6F|w(CaOODSP)9.501512
85640|ahttp://publications.gc.ca|qPDF|s84 Ko|uhttps://publications.gc.ca/collections/Collection/J3-4-02-6F.pdf|yrp02-6F